[Event "Euskadi ch"]
[Site "Portugalete (Bizkaia)"]
[Date "2004.04.14"]
[Round "3.9"]
[White "Ayesta Perojo, Enrique"]
[Black "Agirretxe San Sebastian, Jesus"]
[Result "1-0"]
[WhiteElo "2069"]
[BlackElo "2155"]
[PlyCount "104"]
[EventDate "2004.04.13"]
[Source "AjedrezVasco.co"]
[SourceDate "2004.04.18"]

1. c4 c6 2. Nc3 d5 3. cxd5 cxd5 4. d4 Nc6 5. Nf3 Nf6 6. Bg5 Ne4 7. Bf4 Qa5 8.
Qb3 e5 9. Bxe5 Bb4 10. Rc1 Nxe5 11. Nxe5 Be6 12. Nd3 Bxc3+ 13. bxc3 Rc8 14. Nb4
O-O 15. e3 Rc7 16. Bd3 Rfc8 17. Bxe4 dxe4 18. d5 Bg4 19. h3 $11 Bh5 20. d6 Rc5
21. O-O Rg5 22. Rfd1 Qf5 23. Rd5 Qg6 24. Rxg5 Qxg5 25. Nd5 Bf3 26. Nf4 Rd8 27.
Qxb7 Rxd6 28. Kf1 Bd1 29. Qxa7 h6 30. Qa8+ Rd8 31. Qxe4 Qb5+ 32. c4 Qb8 33. Nd5
Ba4 34. Kg1 Kh8 35. Rb1 Qa8 36. Rb2 Bc6 37. Rd2 Qa5 38. Qd4 Qa3 39. Kh2 Qd6+
40. f4 Qa3 41. Qb6 Qa8 42. Rd4 Rc8 43. Qb3 Rb8 44. Qc2 Qa3 45. Rd3 Rb2 46. Rxa3
Rxc2 47. Rc3 Rxa2 48. Kg3 f5 49. Kf3 Rd2 50. e4 fxe4+ 51. Kxe4 Rxg2 52. Ke5 Kg8
1-0

[Event "Euskadi ch"]
[Site "Portugalete (Bizkaia)"]
[Date "2004.04.14"]
[Round "3.11"]
[White "Arce Balluerca, Jorge"]
[Black "Martinez Pelaez, David"]
[Result "1-0"]
[WhiteElo "2120"]
[BlackElo "2042"]
[PlyCount "57"]
[EventDate "2004.04.13"]
[Source "AjedrezVasco.co"]
[SourceDate "2004.04.18"]

1. g3 d5 2. Bg2 c6 3. d4 Nf6 4. Nf3 Bg4 5. Ne5 Bf5 6. c4 Bxb1 7. Rxb1 Qa5+ 8.
Bd2 Qxa2 9. c5 Nbd7 10. Nxd7 Nxd7 11. e3 b5 12. Ra1 Qxb2 13. O-O e5 14. Re1 Be7
15. Re2 Nxc5 16. dxc5 e4 17. Ra6 Qf6 18. Bb4 O-O 19. Rea2 Rfd8 20. Rxa7 Rxa7
21. Rxa7 Qb2 22. Rxe7 Qxb4 23. Rxe4 Qxc5 24. Rd4 f5 25. h3 Ra8 26. Rxd5 Qb6 27.
Rd6 Rc8 28. Bxc6 Rxc6 29. Qd5+ 1-0

[Event "Euskadi ch"]
[Site "Portugalete (Bizkaia)"]
[Date "2004.04.14"]
[Round "3.12"]
[White "Virto Alustiza, Aingeru"]
[Black "Urbieta Gabancho, Koldo"]
[Result "0-1"]
[WhiteElo "2035"]
[BlackElo "2009"]
[PlyCount "78"]
[EventDate "2004.04.13"]
[Source "AjedrezVasco.co"]
[SourceDate "2004.04.18"]

1. e4 d6 2. d3 Nf6 3. Be2 c6 4. Be3 Nbd7 5. f4 e6 6. Qd2 Ng4 7. Bxg4 Qh4+ 8.
Qf2 Qxg4 9. Nc3 b6 10. Nf3 Qh5 11. O-O-O Qa5 12. Bd2 b5 13. a3 Qc7 14. d4 Nb6
15. Rhe1 Be7 16. d5 a6 17. Na2 Nc4 18. Bc3 f6 19. dxc6 Qxc6 20. f5 Qc5 21. Qg3
O-O 22. fxe6 Bxe6 23. Nd4 Bd7 24. Nb4 a5 25. Nd5 Bd8 26. Nb3 Qc8 27. Rf1 Kh8
28. Qh4 Ne5 29. Nf4 f5 30. Qe1 Nc4 31. Nh5 Bg5+ 32. Kb1 Bh6 33. Qg3 Rf7 34. Rf3
Qb7 35. Rd4 Be6 36. exf5 Rxf5 37. Rxf5 Bxf5 38. Rd1 b4 39. axb4 axb4 0-1

[Event "Euskadi ch"]
[Site "Portugalete (Bizkaia)"]
[Date "2004.04.14"]
[Round "3.13"]
[White "Saez Gabikagogeaskoa, Oscar"]
[Black "Roman Mediavilla, Jorge"]
[Result "1/2-1/2"]
[WhiteElo "1994"]
[BlackElo "2019"]
[PlyCount "120"]
[EventDate "2004.04.13"]
[Source "AjedrezVasco.co"]
[SourceDate "2004.04.18"]

1. e4 c5 2. c3 e6 3. Nf3 Nc6 4. d4 cxd4 5. cxd4 d5 6. exd5 exd5 7. Bb5 Qa5+ 8.
Nc3 Bb4 9. Qe2+ Nge7 10. O-O O-O 11. a3 Bd6 12. Bd2 Qd8 13. Bd3 Nf5 14. Nb5 Re8
15. Qd1 Bb8 16. Ng5 g6 17. Qf3 f6 18. Bxf5 Bxf5 19. Nh3 a6 20. Nc3 Nxd4 21.
Qxd5+ Qxd5 22. Nxd5 Be5 23. f4 Ne2+ 24. Kh1 Bxb2 25. Ra2 Rad8 26. Nc7 Rxd2 27.
Nxe8 Nc3 28. Nxf6+ Kg7 29. Ne8+ Kf8 30. Rxb2 Rxb2 31. Nd6 Bd7 32. f5 gxf5 33.
Nxf5 Rb1 34. Ne3+ Rxf1+ 35. Nxf1 Nb1 36. Ng5 Kg7 37. a4 Bxa4 38. Kg1 Bb3 39.
Ne3 a5 40. Ne4 b6 41. Nf5+ Kh8 42. Nd4 a4 43. Kf2 Bd5 44. Nf6 Bc4 45. Ke3 a3
46. Nc2 a2 47. Kd4 Bb3 48. Na1 Bd1 49. Nd5 Nd2 50. Kc3 Nb3 51. Kb2 b5 52. Nc3
Nxa1 53. Nxd1 Nc2 54. Kxa2 Kg7 55. Kb3 Nd4+ 56. Kb4 Kf6 57. Kc5 Ke5 58. Nc3 h5
59. Nxb5 Nxb5 60. Kxb5 h4 1/2-1/2

[Event "Euskadi ch"]
[Site "Portugalete (Bizkaia)"]
[Date "2004.04.15"]
[Round "4.1"]
[White "Alvarez Ibarra, Rafael"]
[Black "Gomez Esteban, Mario"]
[Result "1/2-1/2"]
[WhiteElo "2421"]
[BlackElo "2450"]
[PlyCount "23"]
[EventDate "2004.04.13"]
[Source "AjedrezVasco.co"]
[SourceDate "2004.04.18"]

1. Nf3 Nf6 2. c4 e6 3. Nc3 d5 4. d4 Be7 5. Bg5 O-O 6. e3 h6 7. Bxf6 Bxf6 8. Rc1
c6 9. Bd3 Nd7 10. O-O dxc4 11. Bxc4 e5 12. h3 1/2-1/2

[Event "Euskadi ch"]
[Site "Portugalete (Bizkaia)"]
[Date "2004.04.15"]
[Round "4.2"]
[White "Gonzalez de la Torre, Santiago"]
[Black "Argandoña Riveiro, Iñigo"]
[Result "1/2-1/2"]
[WhiteElo "2351"]
[BlackElo "2346"]
[PlyCount "28"]
[EventDate "2004.04.13"]
[Source "AjedrezVasco.co"]
[SourceDate "2004.04.18"]

1. d4 Nf6 2. Nf3 e6 3. e3 d5 4. Bd3 c5 5. c3 Nc6 6. O-O Qc7 7. Nbd2 Be7 8. Qe2
O-O 9. dxc5 a5 10. e4 Nd7 11. Re1 Nxc5 12. exd5 Nxd3 13. Qxd3 Rd8 14. Nc4 Rxd5
1/2-1/2

[Event "Euskadi ch"]
[Site "Portugalete (Bizkaia)"]
[Date "2004.04.15"]
[Round "4.3"]
[White "Navarrete Delgado, Sergio"]
[Black "Fernandez, Gerardo"]
[Result "1-0"]
[WhiteElo "2165"]
[BlackElo "2228"]
[PlyCount "61"]
[EventDate "2004.04.13"]
[Source "AjedrezVasco.co"]
[SourceDate "2004.04.18"]

1. e4 e6 2. d4 d5 3. exd5 exd5 4. Bd3 Nc6 5. c3 Bd6 6. Nf3 Nge7 7. Bg5 f6 8.
Be3 Bg4 9. Nbd2 Qd7 10. O-O O-O-O 11. b4 Rde8 12. Nb3 Ng6 13. b5 Nd8 14. Nc5
Qf7 15. h3 Bxc5 16. dxc5 Be6 17. Qa4 Kb8 18. Rfb1 b6 19. Rb3 Ne7 20. Nd4 Bd7
21. Rab1 g5 22. Ra3 Nc8 23. Nc6+ Bxc6 24. bxc6 Qe6 25. cxb6 cxb6 26. Qxa7+ Nxa7
27. Rxb6+ Ka8 28. c7 Qc8 29. Rb8+ Qxb8 30. Rxa7+ Qxa7 31. c8=Q+ 1-0

[Event "Euskadi ch"]
[Site "Portugalete (Bizkaia)"]
[Date "2004.04.15"]
[Round "4.4"]
[White "Olaizola Ortega, Luis"]
[Black "Ayesta Perojo, Enrique"]
[Result "1-0"]
[WhiteElo "2212"]
[BlackElo "2069"]
[PlyCount "61"]
[EventDate "2004.04.13"]
[Source "AjedrezVasco.co"]
[SourceDate "2004.04.18"]

1. d4 Nf6 2. Nf3 c5 3. c4 cxd4 4. Nxd4 e5 5. Nb5 d5 6. cxd5 Bc5 7. N5c3 O-O 8.
e3 Qe7 9. a3 a5 10. Nd2 e4 11. Qa4 Bf5 12. g4 Bxg4 13. Bg2 Bd7 14. Qc4 Rc8 15.
Ndxe4 Bxe3 16. Qe2 Bxc1 17. Rxc1 Nxe4 18. Qxe4 Qg5 19. O-O Re8 20. Qd3 Ra6 21.
Ne4 Qh4 22. Rfe1 Rg6 23. Ng3 Qd8 24. Rxe8+ Bxe8 25. Qc3 Na6 26. Qc8 Qd7 27. Bh3
Qe7 28. Kf1 Qf8 29. Nf5 h6 30. Ne7+ Qxe7 31. Re1 1-0

[Event "Euskadi ch"]
[Site "Portugalete (Bizkaia)"]
[Date "2004.04.15"]
[Round "4.7"]
[White "Huerga Leache, Mikel"]
[Black "Diez Fraile, David"]
[Result "1/2-1/2"]
[WhiteElo "2092"]
[BlackElo "2163"]
[PlyCount "51"]
[EventDate "2004.04.13"]
[Source "AjedrezVasco.co"]
[SourceDate "2004.04.18"]

1. e4 c5 2. Nf3 d6 3. d4 cxd4 4. Qxd4 Nc6 5. Bb5 Bd7 6. Bxc6 Bxc6 7. Nc3 Nf6 8.
Bg5 e6 9. O-O-O Be7 10. Rhe1 O-O 11. Bxf6 Bxf6 12. Qxd6 Bxc3 13. bxc3 Qa5 14.
Kb2 Rad8 15. Qb4 Qxb4+ 16. cxb4 Rxd1 17. Rxd1 Bxe4 18. c4 Rc8 19. Rd7 Bc6 20.
Rd6 Kf8 21. Kb3 Ke7 22. c5 Bd5+ 23. Kb2 Bxf3 24. gxf3 b6 25. a3 bxc5 26. Ra6
1/2-1/2

[Event "Euskadi ch"]
[Site "Portugalete (Bizkaia)"]
[Date "2004.04.15"]
[Round "4.8"]
[White "Hernandez Perez, Jesus"]
[Black "Arce Balluerca, Jorge"]
[Result "1/2-1/2"]
[WhiteElo "2088"]
[BlackElo "2120"]
[PlyCount "116"]
[EventDate "2004.04.13"]
[Source "AjedrezVasco.co"]
[SourceDate "2004.04.18"]

1. d4 Nf6 2. Bg5 c5 3. Bxf6 exf6 4. d5 f5 5. c3 g6 6. g3 d6 7. Bg2 Bg7 8. Nd2
O-O 9. Nh3 b5 10. a3 Re8 11. O-O Nd7 12. Nf4 Ne5 13. h4 Rb8 14. Re1 a5 15. Qc2
Qb6 16. h5 Ng4 17. hxg6 hxg6 18. e3 Rb7 19. Rab1 Rbe7 20. Nf3 Bf6 21. Bf1 Kg7
22. Rbd1 Rh8 23. Rd2 Ree8 24. Bg2 Rh6 25. Kf1 Reh8 26. Ke2 g5 27. Nd3 c4 28.
Nc1 Re8 29. Nd4 Rh2 30. Kf1 f4 31. gxf4 gxf4 32. e4 Reh8 33. Nf3 Qd8 34. Ne2
Be5 35. Neg1 Qf6 36. Nxh2 Rxh2 37. Nf3 Qg6 38. Nxh2 Nxh2+ 39. Ke2 Qxg2 40. Kd1
Nf3 41. Rde2 Bg4 42. Kc1 Nxe1 43. Rxe1 Bf3 44. Kb1 a4 45. Ka2 Bf6 46. Qc1 Qxf2
47. Rf1 Qe2 48. Re1 Qh2 49. Rf1 Bxe4 50. Rxf4 Bg6 51. Qf1 Qc2 52. Rf2 Qb3+ 53.
Ka1 Bxc3 54. Rxf7+ Bxf7 55. Qg1+ Bg6 56. Qd4+ Kh6 57. Qg7+ Kh5 58. Qh8+ Kg4
1/2-1/2

[Event "Euskadi ch"]
[Site "Portugalete (Bizkaia)"]
[Date "2004.04.15"]
[Round "4.9"]
[White "Agirretxe San Sebastian, Jesus"]
[Black "Urbieta Gabancho, Koldo"]
[Result "1-0"]
[WhiteElo "2155"]
[BlackElo "2009"]
[PlyCount "132"]
[EventDate "2004.04.13"]
[Source "AjedrezVasco.co"]
[SourceDate "2004.04.18"]

1. d4 d6 2. Nf3 Nf6 3. c4 Nbd7 4. Bf4 c6 5. Nc3 Qc7 6. e3 e5 7. Bg3 Be7 8. h3
O-O 9. Be2 Re8 10. O-O h6 11. Rc1 Nh7 12. c5 Bf8 13. cxd6 Qxd6 14. dxe5 Qb4 15.
Qc2 Ng5 16. Nd2 a5 17. f4 Ne6 18. Bh5 g6 19. Bg4 Ng7 20. Nce4 Be7 21. Rfd1 Nf8
22. Bxc8 Rexc8 23. Nd6 Bxd6 24. exd6 Nf5 25. Bf2 Rd8 26. Ne4 Nd7 27. g4 Re8 28.
gxf5 Qxe4 29. Qxe4 Rxe4 30. fxg6 fxg6 31. Rd3 a4 32. Rcd1 Ra5 33. Rd4 Rxd4 34.
Rxd4 Rd5 35. e4 Rb5 36. Rxa4 Rxb2 37. Ra8+ Kf7 38. e5 Re2 39. Rh8 Nf8 40. Rxh6
Kg7 41. Rh4 Rxa2 42. Rg4 Kf7 43. Rg3 Ra4 44. Rb3 b5 45. Rc3 Ra6 46. Kf1 Ke6 47.
Ke2 Kf5 48. Be3 Nd7 49. Rb3 Ra2+ 50. Kd3 Ra5 51. Kd4 Ra4+ 52. Kd3 Ra5 53. Rb1
Ra3+ 54. Ke2 Nf8 55. Rc1 Ra6 56. Rd1 Ke6 57. h4 Nd7 58. Rg1 Kf7 59. Rh1 Ra8 60.
h5 gxh5 61. Rxh5 Kg6 62. Rg5+ Kf7 63. Rh5 Kg6 64. Rh1 Re8 65. Rc1 Rc8 66. e6
Nf6 1-0

[Event "Euskadi ch"]
[Site "Portugalete (Bizkaia)"]
[Date "2004.04.15"]
[Round "4.11"]
[White "Roman Mediavilla, Jorge"]
[Black "Rodriguez Gonzalez, Alex"]
[Result "1/2-1/2"]
[WhiteElo "2019"]
[BlackElo "2013"]
[PlyCount "42"]
[EventDate "2004.04.13"]
[Source "AjedrezVasco.co"]
[SourceDate "2004.04.18"]

1. c4 Nf6 2. Nc3 g6 3. g3 Bg7 4. Bg2 O-O 5. d4 c6 6. e4 d6 7. Nf3 Nbd7 8. O-O
e5 9. dxe5 Nxe5 10. Qe2 Qc7 11. Rb1 a5 12. b3 Re8 13. Bb2 Bg4 14. Qe3 Nxf3+ 15.
Bxf3 Bh3 16. Rfd1 Rad8 17. Qd3 h5 18. Ne2 d5 19. cxd5 cxd5 20. e5 Bf5 21. Qc3
Qxc3 1/2-1/2

[Event "Euskadi ch"]
[Site "Portugalete (Bizkaia)"]
[Date "2004.04.15"]
[Round "4.12"]
[White "Martinez Pelaez, David"]
[Black "Saez Gabikagogeaskoa, Oscar"]
[Result "0-1"]
[WhiteElo "2042"]
[BlackElo "1994"]
[PlyCount "79"]
[EventDate "2004.04.13"]
[Source "AjedrezVasco.co"]
[SourceDate "2004.04.18"]

1. e4 c5 2. Nf3 Nc6 3. Nc3 g6 4. d4 cxd4 5. Nxd4 Bg7 6. Be3 d6 7. Nb3 Nf6 8.
Be2 O-O 9. O-O a6 10. f4 b5 11. Bf3 Bb7 12. Qd2 Rc8 13. Nd5 Nxd5 14. exd5 Nb8
15. Nd4 Qc7 16. Rfc1 Qc4 17. Be2 Qc7 18. a4 bxa4 19. c4 Nd7 20. Bg4 Nc5 21.
Bxc8 Rxc8 22. f5 Qd7 23. fxg6 hxg6 24. Ra3 Qg4 25. Qd1 Qe4 26. Qf3 Qxf3 27.
gxf3 Bxd4 28. Bxd4 Nb3 29. Rd1 Rxc4 30. Bc3 Kf8 31. Kf2 Bc8 32. Ke3 Bf5 33. f4
Ke8 34. Kf3 g5 35. Re1 Rxf4+ 36. Kg3 Kd7 37. Re2 Rc4 38. Rf2 Bg6 39. Bd2 f6 40.
Rf3 0-1

[Event "Euskadi ch"]
[Site "Portugalete (Bizkaia)"]
[Date "2004.04.15"]
[Round "5.1"]
[White "Gomez Esteban, Mario"]
[Black "Gonzalez de la Torre, Santiago"]
[Result "0-1"]
[WhiteElo "2450"]
[BlackElo "2351"]
[PlyCount "102"]
[EventDate "2004.04.13"]
[Source "AjedrezVasco.co"]
[SourceDate "2004.04.18"]

1. d4 d5 2. c4 c6 3. Nc3 Nf6 4. Nf3 e6 5. Bg5 dxc4 6. e4 b5 7. e5 h6 8. Bh4 g5
9. Nxg5 hxg5 10. Bxg5 Nbd7 11. g3 Bb7 12. Bg2 Qb6 13. exf6 O-O-O 14. O-O c5 15.
d5 b4 16. Na4 Qb5 17. a3 exd5 18. axb4 cxb4 19. Be3 Nc5 20. Qg4+ Rd7 21. Qg7
Bxg7 22. fxg7 Rg8 23. Nxc5 Rxg7 24. Nxd7 Qxd7 25. Rfd1 Qb5 26. Bxa7 Rg6 27. Bd4
Ra6 28. Rac1 Kd8 29. h4 Ke8 30. h5 Kf8 31. g4 Kg8 32. Re1 Re6 33. Rxe6 fxe6 34.
g5 e5 35. Bxe5 d4 36. f4 Bxg2 37. Kxg2 c3 38. g6 d3 39. bxc3 d2 40. Ra1 Qd5+
41. Kg3 d1=Q 42. Rxd1 Qxd1 43. cxb4 Qxh5 44. g7 Qe2 45. Kh4 Kf7 46. Kg5 Qc4 47.
Kf5 Qxb4 48. Kg5 Qb3 49. Kf5 Qf3 50. Kg5 Qg3+ 51. Kh5 Kg8 0-1

[Event "Euskadi ch"]
[Site "Portugalete (Bizkaia)"]
[Date "2004.04.15"]
[Round "5.2"]
[White "Olaizola Ortega, Luis"]
[Black "Alvarez Ibarra, Rafael"]
[Result "1/2-1/2"]
[WhiteElo "2212"]
[BlackElo "2421"]
[PlyCount "42"]
[EventDate "2004.04.13"]
[Source "AjedrezVasco.co"]
[SourceDate "2004.04.18"]

1. e4 c5 2. Nf3 d6 3. Bb5+ Nd7 4. O-O Ngf6 5. Re1 a6 6. Bf1 g6 7. c3 Bg7 8. d4
e5 9. a4 O-O 10. dxe5 Nxe5 11. Nxe5 dxe5 12. Qxd8 Rxd8 13. a5 Be6 14. Nd2 Bh6
15. Nc4 Bxc1 16. Raxc1 Bxc4 17. Bxc4 Rd2 18. b3 Rad8 19. f3 h5 20. h4 R8d7 21.
Kf1 Kf8 1/2-1/2

[Event "Euskadi ch"]
[Site "Portugalete (Bizkaia)"]
[Date "2004.04.15"]
[Round "5.3"]
[White "Argandoña Riveiro, Iñigo"]
[Black "Navarrete Delgado, Sergio"]
[Result "1-0"]
[WhiteElo "2346"]
[BlackElo "2165"]
[PlyCount "69"]
[EventDate "2004.04.13"]
[Source "AjedrezVasco.co"]
[SourceDate "2004.04.18"]

1. d4 e6 2. Nf3 b6 3. g3 Bb7 4. Bg2 f5 5. O-O Nf6 6. c4 Bd6 7. Nc3 O-O 8. d5
Na6 9. Nd4 Qe7 10. Qc2 Be5 11. d6 cxd6 12. Bxb7 Bxd4 13. Bxa6 Ng4 14. e3 Be5
15. f4 Bxc3 16. Qxc3 Rab8 17. Qc2 Nf6 18. b4 Ne4 19. Bb2 h5 20. Rad1 Qf7 21.
Rd4 Qg6 22. Qg2 Kf7 23. Bb5 Ke7 24. Ba4 h4 25. gxh4 Qxg2+ 26. Kxg2 Rh8 27. Bc2
Nf6 28. Rd3 Ne4 29. Rdd1 Rxh4 30. Bxe4 fxe4 31. h3 b5 32. cxb5 Rxb5 33. Bc3
Rbh5 34. Rh1 g5 35. Be1 1-0

[Event "Euskadi ch"]
[Site "Portugalete (Bizkaia)"]
[Date "2004.04.15"]
[Round "5.4"]
[White "Alonso Alonso, Ivan"]
[Black "Navarro Cia, Miguel"]
[Result "0-1"]
[WhiteElo "2190"]
[BlackElo "2326"]
[PlyCount "46"]
[EventDate "2004.04.13"]
[Source "AjedrezVasco.co"]
[SourceDate "2004.04.18"]

1. e4 e6 2. d4 d5 3. Nc3 Bb4 4. e5 c5 5. a3 Ba5 6. b4 cxd4 7. Qg4 Ne7 8. bxa5
dxc3 9. Qxg7 Rg8 10. Qxh7 Nbc6 11. f4 Qxa5 12. Rb1 Bd7 13. Rxb7 O-O-O 14. Rb1
Nf5 15. Qh3 Ncd4 16. Qd3 Ba4 17. Qa6+ Qxa6 18. Bxa6+ Kd7 19. Kf2 Bxc2 20. Rb7+
Kc6 21. Rb4 Be4 22. Nf3 Rxg2+ 23. Kxg2 Bxf3+ 0-1

[Event "Euskadi ch"]
[Site "Portugalete (Bizkaia)"]
[Date "2004.04.15"]
[Round "5.6"]
[White "Diez Fraile, David"]
[Black "Manso Marquez, Felix"]
[Result "1/2-1/2"]
[WhiteElo "2163"]
[BlackElo "2097"]
[PlyCount "36"]
[EventDate "2004.04.13"]
[Source "AjedrezVasco.co"]
[SourceDate "2004.04.18"]

1. d4 Nf6 2. Nf3 e6 3. c4 d5 4. Nc3 Nbd7 5. e3 c6 6. Qc2 Bd6 7. Bd3 dxc4 8.
Bxc4 b5 9. Bd3 Bb7 10. e4 e5 11. d5 Rc8 12. dxc6 Bxc6 13. Qe2 b4 14. Nb5 Bb8
15. Be3 Qa5 16. Nd2 O-O 17. O-O Bxb5 18. Bxb5 Nc5 1/2-1/2

[Event "Euskadi ch"]
[Site "Portugalete (Bizkaia)"]
[Date "2004.04.15"]
[Round "5.7"]
[White "Arce Balluerca, Jorge"]
[Black "Agirretxe San Sebastian, Jesus"]
[Result "0-1"]
[WhiteElo "2120"]
[BlackElo "2155"]
[PlyCount "82"]
[EventDate "2004.04.13"]
[Source "AjedrezVasco.co"]
[SourceDate "2004.04.18"]

1. d4 d5 2. Nf3 c6 3. Nc3 Bf5 4. e4 dxe4 5. Ng5 Nf6 6. Bc4 e6 7. f3 exf3 8.
Nxf3 Be7 9. O-O O-O 10. Qe2 Nbd7 11. Nd1 Nb6 12. Bb3 c5 13. dxc5 Bxc5+ 14. Kh1
Ne4 15. Ne3 Bg6 16. Ng4 Nd5 17. Nge5 Ndf6 18. Nxg6 hxg6 19. Bf4 Qb6 20. Ne5
Nf2+ 21. Rxf2 Bxf2 22. Bg5 Rfe8 23. Bxf6 gxf6 24. Nd7 Qd4 25. Rd1 Qh4 26. Qf3
Kg7 27. g3 Bxg3 28. Qxg3 Qe4+ 29. Qg2 Qxg2+ 30. Kxg2 Red8 31. c3 e5 32. Ba4 e4
33. Re1 f5 34. Re2 Rac8 35. Kf2 Rc7 36. Rd2 a6 37. Rd5 b5 38. Nb6 Rb8 39. Nd7
Rbb7 40. Nc5 Rxc5 41. Rxc5 bxa4 0-1

[Event "Euskadi ch"]
[Site "Portugalete (Bizkaia)"]
[Date "2004.04.15"]
[Round "5.8"]
[White "Ayesta Perojo, Enrique"]
[Black "Huerga Leache, Mikel"]
[Result "1/2-1/2"]
[WhiteElo "2069"]
[BlackElo "2092"]
[PlyCount "87"]
[EventDate "2004.04.13"]
[Source "AjedrezVasco.co"]
[SourceDate "2004.04.18"]

1. c4 c6 2. Nc3 d5 3. cxd5 cxd5 4. d4 Nc6 5. Nf3 Nf6 6. Bf4 Bf5 7. e3 e6 8. Be2
Qb6 9. O-O Nh5 10. Na4 Qd8 11. Bg3 $11 Nxg3 12. hxg3 h6 13. Qb3 Rb8 14. Rac1
Bd6 15. Nc5 O-O 16. Qa4 Qe7 17. Qd1 Rbc8 18. Nd3 f6 19. Nh4 Bh7 20. Bh5 g5 21.
Ng6 Bxg6 22. Bxg6 Kg7 23. Bh5 f5 24. Be2 Rh8 25. f4 Rcg8 26. Ne5 Nxe5 27. fxe5
Bb8 28. g4 Rf8 29. gxf5 Rxf5 30. Bd3 Rxf1+ 31. Qxf1 Rf8 32. Qe2 Qf7 33. Rf1
Qxf1+ 34. Qxf1 Rxf1+ 35. Kxf1 h5 36. Kf2 Bc7 37. Be2 Kg6 38. Bd3+ Kh6 39. Bb5
Kg7 40. Be8 h4 41. Kf3 Kf8 42. Bd7 Kf7 43. Kg4 Bd8 44. Bc8 1/2-1/2

[Event "Euskadi ch"]
[Site "Portugalete (Bizkaia)"]
[Date "2004.04.15"]
[Round "5.10"]
[White "Saez Gabikagogeaskoa, Oscar"]
[Black "Virto Alustiza, Aingeru"]
[Result "1/2-1/2"]
[WhiteElo "1994"]
[BlackElo "2035"]
[PlyCount "177"]
[EventDate "2004.04.13"]
[Source "AjedrezVasco.co"]
[SourceDate "2004.04.18"]

1. e4 Nf6 2. e5 Nd5 3. d4 d6 4. c4 Nb6 5. exd6 cxd6 6. Nc3 g6 7. Be3 Bg7 8. Rc1
O-O 9. b3 Nc6 10. Be2 e5 11. dxe5 dxe5 12. c5 Nd7 13. Nf3 f5 14. Bc4+ Kh8 15.
Ng5 f4 16. Ne6 Qf6 17. Ne4 Qh4 18. Bd2 Nf6 19. Nxf6 Rxf6 20. Nxg7 Kxg7 21. Bd5
Bg4 22. Bf3 Bxf3 23. Qxf3 Rd8 24. Bc3 Qg5 25. O-O Qf5 26. Rfd1 Rff8 27. Rd6
Rxd6 28. cxd6 Kf7 29. Qd5+ Qe6 30. Qc5 Rd8 31. Rd1 Qg4 32. Qd5+ Qe6 33. Qc5 Rd7
34. Rd2 Qf5 35. f3 Qe6 36. b4 Nd4 37. Qc8 Qxd6 38. Qh8 Ke6 39. Qg8+ Kf5 40. Qc4
Qb6 41. Qc5 Qxc5 42. bxc5 Ke6 43. Kf2 Kd5 44. Bb4 Kc4 45. a3 Rd5 46. g3 fxg3+
47. hxg3 Nc6 48. Rc2+ Kb5 49. Ke3 a5 50. Be1 Rxc5 51. Rb2+ Ka6 52. Ke4 Rc4+ 53.
Kd5 Rd4+ 54. Kc5 Rd3 55. Rb6+ Ka7 56. Rb5 Rxf3 57. Bxa5 Rxa3 58. Be1 Ra2 59.
Rb3 Nd4 60. Re3 Re2 61. Ra3+ Kb8 62. Ba5 Rc2+ 63. Kd5 Rg2 64. Rc3 Nc6 65. Bb6
Rb2 66. Bc5 Rb5 67. Kd6 Kc8 68. Rf3 Nd8 69. Rf8 b6 70. Be3 Rb3 71. Bg5 Rd3+ 72.
Kxe5 Kc7 73. Ke4 Ra3 74. Bxd8+ Kc6 75. Rf6+ Kd7 76. Bxb6 Rxg3 77. Be3 h5 78.
Bf4 Rg4 79. Kd5 Ke7 80. Re6+ Kf7 81. Be3 h4 82. Re5 Rg2 83. Ke4 g5 84. Rf5+ Kg6
85. Rf1 h3 86. Rg1 Rxg1 87. Bxg1 g4 88. Kf4 Kh5 89. Bh2 1/2-1/2

[Event "Euskadi ch"]
[Site "Portugalete (Bizkaia)"]
[Date "2004.04.15"]
[Round "5.11"]
[White "Urbieta Gabancho, Koldo"]
[Black "Rodriguez Gonzalez, Alex"]
[Result "1/2-1/2"]
[WhiteElo "2009"]
[BlackElo "2013"]
[PlyCount "67"]
[EventDate "2004.04.13"]
[Source "AjedrezVasco.co"]
[SourceDate "2004.04.18"]

1. e4 d6 2. d4 Nf6 3. Nc3 g6 4. Bd3 Bg7 5. Nge2 O-O 6. f3 e5 7. Be3 Nc6 8. d5
Nb4 9. Qd2 Ne8 10. Bg5 f6 11. Bh6 f5 12. Bg5 Bf6 13. Be3 f4 14. Bf2 g5 15. a3
Nxd3+ 16. cxd3 h5 17. d4 g4 18. dxe5 dxe5 19. O-O-O Nd6 20. Qd3 a6 21. Rhg1 Kh8
22. g3 gxf3 23. Qxf3 Bg4 24. Qd3 fxg3 25. Bxg3 Bg5+ 26. Kb1 Qe7 27. Rdf1 b5 28.
h3 Rxf1+ 29. Rxf1 Nc4 30. Rf2 Bd7 31. Ka2 Rf8 32. Nd1 h4 33. Bh2 Rxf2 34. Nxf2
1/2-1/2

[Event "Euskadi ch"]
[Site "Portugalete (Bizkaia)"]
[Date "2004.04.15"]
[Round "6.1"]
[White "Gonzalez de la Torre, Santiago"]
[Black "Olaizola Ortega, Luis"]
[Result "1-0"]
[WhiteElo "2351"]
[BlackElo "2212"]
[PlyCount "59"]
[EventDate "2004.04.13"]
[Source "AjedrezVasco.co"]
[SourceDate "2004.04.18"]

1. e4 e5 2. Bc4 Bc5 3. Nc3 Nc6 4. Qg4 Kf8 5. Qf3 Nf6 6. Nge2 d6 7. d3 h6 8. Bb3
a6 9. Bd2 b5 10. h3 Na5 11. g4 Nxb3 12. axb3 b4 13. Na4 Nd7 14. Qg3 g5 15. h4
Rg8 16. hxg5 hxg5 17. Nxc5 dxc5 18. Be3 Qf6 19. Rh5 Ke7 20. Qh3 Bb7 21. Ng3 Kd6
22. Nf5+ Kc6 23. Qf3 Kb6 24. Kf1 Nf8 25. c3 a5 26. d4 Ne6 27. dxc5+ Nxc5 28.
Rc1 Ba6+ 29. Kg1 Kb5 30. Nd4+ 1-0

[Event "Euskadi ch"]
[Site "Portugalete (Bizkaia)"]
[Date "2004.04.15"]
[Round "6.2"]
[White "Gomez Esteban, Mario"]
[Black "Argandoña Riveiro, Iñigo"]
[Result "1-0"]
[WhiteElo "2450"]
[BlackElo "2346"]
[PlyCount "51"]
[EventDate "2004.04.13"]
[Source "AjedrezVasco.co"]
[SourceDate "2004.04.18"]

1. d4 d5 2. c4 dxc4 3. Nf3 Nf6 4. e3 a6 5. Bxc4 e6 6. O-O c5 7. Bb3 Nc6 8. Qe2
cxd4 9. Rd1 Be7 10. exd4 O-O 11. Nc3 Nb4 12. Ne5 Nbd5 13. Rd3 Nb4 14. Rg3 Qxd4
15. Bh6 Ne8 16. Rd1 Qc5 17. Nc4 Qc7 18. Ne4 Kh8 19. Ncd6 Bxd6 20. Nxd6 gxh6 21.
Qg4 Nd5 22. Nxe8 Qe5 23. Nd6 Qf6 24. Qe4 Qf4 25. Qxf4 Nxf4 26. Nxf7+ 1-0

[Event "Euskadi ch"]
[Site "Portugalete (Bizkaia)"]
[Date "2004.04.15"]
[Round "6.3"]
[White "Alvarez Ibarra, Rafael"]
[Black "Navarro Cia, Miguel"]
[Result "1/2-1/2"]
[WhiteElo "2421"]
[BlackElo "2326"]
[PlyCount "32"]
[EventDate "2004.04.13"]
[Source "AjedrezVasco.co"]
[SourceDate "2004.04.18"]

1. c4 f5 2. d4 Nf6 3. g3 g6 4. Bg2 Bg7 5. Nf3 O-O 6. O-O d6 7. b4 e5 8. dxe5
dxe5 9. Bb2 e4 10. Nd4 Qe7 11. Qb3 c6 12. Nc3 Qf7 13. f3 exf3 14. exf3 Nbd7 15.
c5 Ne5 16. Rad1 Bd7 $11 1/2-1/2